[Event "ICS Rated blitz match"]
[Site "204.178.125.65"]
[Date "1999.10.13"]
[Round "?"]
[White "Hossa"]
[Black "PostModernist"]
[Result "0-1"]
[WhiteElo "2403"]
[BlackElo "2639"]
[PlyCount "100"]
[EventDate "1999.??.??"]

1. e4 c5 2. Nf3 e6 3. d4 cxd4 4. Nxd4 a6 5. Bd3 Nf6 6. O-O Qc7 7. Nf3 Be7 8.
Bg5 d6 9. Nc3 O-O 10. Qd2 Nc6 11. Rfd1 b5 12. a3 Bb7 13. Qf4 h6 14. Bxf6 Bxf6
15. Be2 Na5 16. Qxd6 Qxd6 17. Rxd6 Bxc3 18. bxc3 Bxe4 19. a4 Rfc8 20. axb5 axb5
21. Bxb5 Bxf3 22. gxf3 Rxc3 23. Rd4 Rc5 24. c4 Rcc8 25. Rd3 Nb7 26. Rxa8 Rxa8
27. Rd7 Nc5 28. Rc7 Nd3 29. Kg2 g5 30. h3 Nf4+ 31. Kg3 Ra1 32. Kh2 Rf1 33. Bc6
Rxf2+ 34. Kh1 Nxh3 35. Be4 f5 36. Bb7 g4 37. fxg4 fxg4 38. Bc8 Nf4 39. Rb7 g3
40. Bxe6+ Kh8 41. Rb8+ Kh7 42. Rb1 Ne2 43. Rb7+ Kg6 44. Bf7+ Kf5 45. Bg6+ Kg5
46. Rb5+ Kxg6 47. Rb6+ Kg5 48. Rb5+ Kg4 49. Rg5+ hxg5 50. c5 50... Rh2# {
Hossa checkmated} 0-1

[Event "ICS Rated blitz match"]
[Site "204.178.125.65"]
[Date "1999.09.24"]
[Round "?"]
[White "Hossa"]
[Black "PostModernist"]
[Result "0-1"]
[WhiteElo "2394"]
[BlackElo "2617"]
[PlyCount "128"]
[EventDate "1999.??.??"]

1. e4 c5 2. c3 e6 3. d4 d5 4. e5 Nc6 5. Be3 Nh6 6. Bxh6 gxh6 7. Nf3 cxd4 8.
cxd4 Qb6 9. Qd2 Bg7 10. Nc3 Bd7 11. Be2 f6 12. exf6 Bxf6 13. Na4 Qb4 14. Nc3
Nxd4 15. Nxd4 Qxd4 16. Qxh6 Qh4 17. Qxh4 Bxh4 18. Bh5+ Ke7 19. O-O Rhg8 20.
Rae1 d4 21. Ne4 Bb5 22. Be2 d3 23. Bf3 d2 24. Nxd2 Bxf1 25. Kxf1 Rad8 26. Ne4
b6 27. Rc1 Rc8 28. Rd1 Rc2 29. Rd2 Rxd2 30. Nxd2 Rc8 31. Be4 Rd8 32. Nf3 Bf6
33. Bxh7 Rd1+ 34. Ke2 Ra1 35. b4 Rxa2+ 36. Ke3 Bc3 37. b5 Bb4 38. Ne5 Bc5+ 39.
Kd3 Bxf2 40. Be4 Kd6 41. Nf7+ Kc5 42. Bc6 a6 43. Bd7 Be1 44. Bxe6 Rd2+ 45. Ke3
Kxb5 46. Bh3 Kb4 47. Ne5 Kc3 48. Nf3 Bf2+ 49. Ke4 Re2+ 50. Kd5 Be3 51. Kc6 a5
52. g3 a4 53. Bg4 Bc5 54. h3 a3 55. Ng5 Re5 56. Nf7 Re3 57. Ng5 a2 58. Ne6 a1=Q
59. Kc7 Qa7+ 60. Kc6 Qa8+ 61. Kc7 Qd5 62. Nxc5 Qxc5+ 63. Kd8 Qd6+ 64. Kc8 64...
Re7 {Hossa resigns} 0-1

[Event "ICS Rated blitz match"]
[Site "204.178.125.65"]
[Date "1999.10.06"]
[Round "?"]
[White "Hossa"]
[Black "PostModernist"]
[Result "0-1"]
[WhiteElo "2544"]
[BlackElo "2676"]
[PlyCount "149"]
[EventDate "1999.??.??"]

1. d4 Nf6 2. c4 e6 3. Nf3 b6 4. Bg5 h6 5. Bxf6 Qxf6 6. e3 Bb7 7. Be2 Bd6 8. O-O
O-O 9. Nc3 Nc6 10. Ne4 Qe7 11. Nxd6 Qxd6 12. a3 Rfd8 13. b4 a5 14. b5 Ne7 15.
Qd3 Ng6 16. Qc3 c5 17. bxc6 Bxc6 18. Rab1 Be4 19. Rb5 Rac8 20. Qb3 Rb8 21. Nd2
Bc6 22. Rxb6 a4 23. Rxb8 Rxb8 24. Qc3 Nh4 25. e4 Qe7 26. f3 Ng6 27. f4 Qh4 28.
Bd1 d6 29. Qe3 Rb2 30. f5 exf5 31. Rxf5 Bd7 32. g3 Qd8 33. Qc3 Rb8 34. Ra5 Ra8
35. Rxa8 Qxa8 36. Bh5 Kh7 37. c5 Qc6 38. Bxg6+ Kxg6 39. Nc4 Qxe4 40. cxd6 f6
41. Kf2 Qd5 42. Qc2+ Kf7 43. Ne3 Qxd4 44. Qc7 Ke6 45. Kf3 Qd3 46. Qc5 g6 47. h4
Qxd6 48. Qc4+ Ke7 49. Nd5+ Kf7 50. Nf4+ Kg7 51. Qd3 Bc6+ 52. Kf2 Qxd3 53. Nxd3
g5 54. hxg5 fxg5 55. Ne5 Bb7 56. Ke3 h5 57. Nc4 Bc6 58. Nb6 Kf6 59. Kd4 h4 60.
gxh4 gxh4 61. Nc4 h3 62. Ne3 Kg5 63. Nf1 Kf4 64. Kc4 Bg2 65. Nh2 Kg3 66. Kb4
Kxh2 67. Kxa4 Kg3 68. Kb4 h2 69. Kc3 h1=Q 70. Kc2 Be4+ 71. Kb3 Qc1 72. a4 Bd5+
73. Kb4 Qc4+ 74. Ka5 Qc5+ 75. Ka6 {Hossa resigns} 0-1

[Event "ICS Rated blitz match"]
[Site "204.178.125.65"]
[Date "1999.09.21"]
[Round "?"]
[White "Hossa"]
[Black "PostModernist"]
[Result "0-1"]
[WhiteElo "2353"]
[BlackElo "2500"]
[PlyCount "119"]
[EventDate "1999.??.??"]

1. e4 c6 2. d4 d5 3. Nc3 dxe4 4. Nxe4 Nd7 5. c3 Ngf6 6. Nxf6+ gxf6 7. Bc4 Nb6
8. Bd3 Qd5 9. f3 Bd7 10. Be4 Qe6 11. Ne2 O-O-O 12. O-O f5 13. Bd3 Bg7 14. Nf4
Qd6 15. Nh5 Bh6 16. Bxh6 Qxh6 17. Ng3 e6 18. f4 Rhg8 19. Qh5 Qf8 20. a3 h6 21.
Rae1 c5 22. Qe2 cxd4 23. cxd4 Qd6 24. Qf2 Bc6 25. Bxf5 Rxg3 26. Bxe6+ fxe6 27.
hxg3 Kb8 28. Re5 Nd7 29. Rh5 Nf6 30. Rh4 Ne4 31. Qe3 Qxd4 32. Qxd4 Rxd4 33. Kh2
Nf6 34. Re1 h5 35. Rxe6 Ng4+ 36. Kh3 Nf2+ 37. Kh2 Rd1 38. g4 Nxg4+ 39. Rxg4
hxg4 40. Re2 Bd7 41. Rc2 Rd3 42. Kg1 g3 43. Kf1 Re3 44. Rc1 Bb5+ 45. Kg1 Re2
46. b4 Bc6 47. Kf1 Rf2+ 48. Ke1 Rxg2 49. Rc3 Rg1+ 50. Kd2 g2 51. Rg3 Rf1 52. b5
Bd5 53. Rg5 g1=Q 54. Rxg1 Rxg1 55. Kc3 Rd1 56. a4 Be6 57. b6 axb6 58. Kb2 Rd4
59. f5 Bxf5 60. Ka3 {Hossa resigns} 0-1

[Event "ICS Rated blitz match"]
[Site "204.178.125.65"]
[Date "1999.09.14"]
[Round "?"]
[White "Hossa"]
[Black "PostModernist"]
[Result "0-1"]
[WhiteElo "2295"]
[BlackElo "2538"]
[PlyCount "115"]
[EventDate "1999.??.??"]

1. e4 c5 2. Nf3 e6 3. Nc3 d6 4. Bb5+ Nd7 5. d4 cxd4 6. Nxd4 Ngf6 7. O-O Be7 8.
Be3 O-O 9. f4 a6 10. Bd3 Nc5 11. e5 dxe5 12. fxe5 Nd5 13. Qd2 Nxe3 14. Qxe3 Bg5
15. Qf2 f6 16. Rae1 b5 17. a3 Nxd3 18. cxd3 Bd7 19. exf6 Qxf6 20. Qxf6 Bxf6 21.
Nf3 Rad8 22. Re2 Bc6 23. Re3 Bxf3 24. Rexf3 Bd4+ 25. Kh1 Rxf3 26. Rxf3 Rd7 27.
g4 Rc7 28. Ne2 Bxb2 29. d4 Rd7 30. Re3 Kf7 31. Rd3 Rc7 32. Rf3+ Ke7 33. Re3 Kd7
34. Rd3 Rc2 35. Ng3 Rc3 36. Rxc3 Bxc3 37. Ne4 Bxd4 38. Kg2 a5 39. Nd2 Bb2 40.
Nb1 a4 41. Kf3 b4 42. axb4 a3 43. Nd2 a2 44. Nb3 Kc6 45. Ke4 Kb5 46. Kd3 g5 47.
Kc2 Bg7 48. Kc1 Kxb4 49. Kc2 Ka3 50. h3 Kb4 51. h4 gxh4 52. Nc1 a1=Q 53. Nd3+
Kc4 54. Kd2 Qc3+ 55. Ke3 Bd4+ 56. Kf4 Qd2+ 57. Kf3 Qxd3+ 58. Kg2 {Hossa resigns
} 0-1

[Event "ICS Rated blitz match"]
[Site "204.178.125.65"]
[Date "1999.09.23"]
[Round "?"]
[White "Hossa"]
[Black "PostModernist"]
[Result "1-0"]
[WhiteElo "2371"]
[BlackElo "2635"]
[PlyCount "115"]
[EventDate "1999.??.??"]

1. Nf3 Nf6 2. b3 d5 3. d4 Bf5 4. e3 c6 5. Bd3 g6 6. Bxf5 gxf5 7. O-O Qc7 8. c4
dxc4 9. bxc4 Nbd7 10. Nc3 e6 11. Qa4 a6 12. Rb1 O-O-O 13. Bd2 Ng4 14. Ne2 Qb8
15. h3 Ngf6 16. Rb2 Ne4 17. Ba5 Re8 18. Rfb1 b5 19. cxb5 axb5 20. Rc2 Kb7 21.
Qc4 Qd6 22. Rxb5+ cxb5 23. Qxb5+ Ka8 24. Rc6 Nb8 25. Rxd6 Bxd6 26. Bb6 Re7 27.
a3 Bc7 28. Qb4 Nc6 29. Qa4+ Kb7 30. Bc5 Nxc5 31. Qb5+ Ka7 32. Qxc6 Nb7 33. Nc3
Rg8 34. Kf1 Kb8 35. a4 Rc8 36. Nb5 Bd8 37. Qa6 Rc1+ 38. Ke2 Na5 39. Ne5 f6 40.
Qd6+ Kc8 41. Nd3 Rc6 42. Qb4 Kb8 43. d5 Rc4 44. Qd6+ Kc8 45. Qa6+ Kb8 46. Nd6
Rc2+ 47. Kd1 Rc3 48. Qb5+ Nb7 49. Nb4 exd5 50. Nc6+ Rxc6 51. Qxc6 Rc7 52. Qb5
f4 53. Nxb7 Rxb7 54. Qxd5 Bc7 55. exf4 Rb4 56. g3 Rb1+ 57. Kc2 Rb7 58. a5 {
PostModernist resigns} 1-0

[Event "ICS Rated blitz match"]
[Site "204.178.125.65"]
[Date "1999.10.05"]
[Round "?"]
[White "Hossa"]
[Black "PostModernist"]
[Result "0-1"]
[WhiteElo "2460"]
[BlackElo "2613"]
[PlyCount "110"]
[EventDate "1999.??.??"]

1. Nf3 d5 2. d4 c6 3. Bg5 Nf6 4. Nbd2 Ne4 5. Nxe4 dxe4 6. Ng1 Qb6 7. Bc1 Be6 8.
f3 exf3 9. Nxf3 Nd7 10. e4 g6 11. Be2 O-O-O 12. O-O Nc5 13. Bd3 Nxd3 14. Qxd3
Bg7 15. c3 f6 16. Qe2 g5 17. Nd2 h5 18. Nc4 Qc7 19. Bd2 h4 20. e5 Bxc4 21. Qxc4
fxe5 22. Rf7 Bf6 23. Be3 Qb6 24. Rd1 exd4 25. cxd4 Qxb2 26. Kh1 Kb8 27. a4 h3
28. Rd2 Qb1+ 29. Bg1 hxg2+ 30. Kxg2 Qg6 31. Re2 Rd5 32. Rfxe7 Bxe7 33. Rxe7 Qd6
34. Re4 Ra5 35. Re3 g4 36. Qb3 Qf6 37. Kh1 Rg5 38. Qc3 Qd6 39. Qd2 Rgg8 40. Re2
g3 41. Rg2 Re8 42. Re2 Qd5+ 43. Rg2 Kc8 44. a5 gxh2 45. Bxh2 Re4 46. a6 Rxd4
47. axb7+ Kxb7 48. Qb2+ Ka8 49. Kg1 Rd1+ 50. Kf2 Qf5+ 51. Bf4 Qxf4+ 52. Ke2
Rhd8 53. Qh8 Qf1+ 54. Ke3 Re1+ 55. Re2 55... Rxe2# {Hossa checkmated} 0-1

[Event "ICS Rated blitz match"]
[Site "204.178.125.65"]
[Date "1999.09.07"]
[Round "?"]
[White "Hossa"]
[Black "PostModernist"]
[Result "1-0"]
[WhiteElo "2446"]
[BlackElo "2568"]
[PlyCount "175"]
[EventDate "1999.??.??"]

1. e4 c5 2. Nf3 Nc6 3. Bb5 e6 4. Bxc6 bxc6 5. e5 f6 6. O-O fxe5 7. Nxe5 Nf6 8.
Ng4 Bd6 9. Nxf6+ Qxf6 10. Qh5+ Qf7 11. Qxf7+ Kxf7 12. Re1 c4 13. b3 cxb3 14.
axb3 Bb7 15. Ba3 Bc7 16. Nc3 Rab8 17. Ne4 Be5 18. Ng5+ Kf6 19. Rxe5 Kxe5 20.
Nf7+ Kf5 21. Bd6 Kf6 22. Nxh8 Rxh8 23. Rxa7 Ra8 24. Rxa8 Bxa8 25. f4 h5 26. b4
g6 27. c4 g5 28. fxg5+ Kxg5 29. Kf2 Kf5 30. d3 e5 31. Kg3 e4 32. dxe4+ Kxe4 33.
c5 Kf5 34. Kh4 Kg6 35. g4 hxg4 36. Kxg4 Bb7 37. h4 Ba6 38. h5+ Kf6 39. Kf4 Bd3
40. Bc7 Bc2 41. Kg4 Bf5+ 42. Kh4 Be6 43. Bf4 Kf5 44. Bh6 Bd5 45. Bg7 Bg8 46. h6
Bh7 47. Bf8 Bg8 48. Kg3 Bh7 49. Bg7 Ke4 50. Bc3 Kd3 51. Be1 Ke2 52. Bf2 Bg6 53.
Kg2 Be4+ 54. Kg1 Kd3 55. Be1 Ke2 56. Bh4 Ke3 57. Bd8 Kd3 58. Kf2 Kc4 59. Ke3
Bg6 60. Ba5 Kb3 61. Kd4 Bc2 62. Ke5 Kc4 63. Kf6 Kd5 64. Kg7 Kc4 65. h7 Bxh7 66.
Kxh7 Kd5 67. Kg6 d6 68. cxd6 Kxd6 69. Kf5 Kd5 70. Bc7 Kc4 71. Bd6 Kd5 72. Bc5
Kc4 73. Ke6 Kb5 74. Be7 Ka6 75. Kd7 Kb6 76. Kd6 Kb5 77. Kc7 c5 78. bxc5 Kc4 79.
c6 Kd5 80. Kd7 Ke4 81. c7 Kd3 82. c8=Q Kd2 83. Ke6 Kd3 84. Kf5 Ke2 85. Qc2+ Kf1
86. Bh4 Kg1 87. Bg3 Kh1 88. Qh2# {PostModernist checkmated} 1-0

[Event "ICS Rated blitz match"]
[Site "204.178.125.65"]
[Date "1999.09.23"]
[Round "?"]
[White "Hossa"]
[Black "PostModernist"]
[Result "0-1"]
[WhiteElo "2375"]
[BlackElo "2614"]
[PlyCount "127"]
[EventDate "1999.??.??"]

1. d4 Nf6 2. c4 e6 3. Nc3 Bb4 4. e3 c5 5. Bd3 d5 6. a3 cxd4 7. exd4 Bxc3+ 8.
bxc3 dxc4 9. Bxc4 O-O 10. Ne2 b6 11. O-O Bb7 12. Bg5 Nc6 13. Bd3 Rc8 14. Re1
Na5 15. Bh4 Nc4 16. Qc2 h6 17. Bxc4 Rxc4 18. Qd3 Rc8 19. c4 g5 20. Bg3 Ba6 21.
Rac1 Qd5 22. Be5 Nd7 23. Qh3 Rxc4 24. Rxc4 Qxc4 25. Qxh6 Nxe5 26. dxe5 Qh4 27.
Qf6 Bxe2 28. Rxe2 Rc8 29. h3 Qf4 30. Qxf4 gxf4 31. Re4 Rc5 32. Rxf4 Rxe5 33.
Ra4 a5 34. Kh2 Rd5 35. Kg3 Kg7 36. Kh4 f5 37. f4 Rd3 38. g4 Kf6 39. g5+ Ke7 40.
Rc4 Rxa3 41. Rc7+ Kd6 42. Rc8 Ra1 43. Kh5 b5 44. h4 Kd5 45. Ra8 a4 46. Kg6 b4
47. h5 b3 48. Rb8 Rh1 49. Rd8+ Ke4 50. Rb8 a3 51. Rb4+ Kd5 52. Rxb3 a2 53. Ra3
a1=Q 54. Rxa1 Rxa1 55. h6 Ke4 56. h7 Rh1 57. Kg7 Kxf4 58. g6 Kg5 59. Kf7 e5 60.
Kg7 e4 61. Kf7 e3 62. h8=N Rxh8 63. g7 Rb8 64. Ke6 {Hossa resigns} 0-1

[Event "ICS Rated blitz match"]
[Site "204.178.125.65"]
[Date "1999.09.06"]
[Round "?"]
[White "Hossa"]
[Black "PostModernist"]
[Result "1-0"]
[WhiteElo "2483"]
[BlackElo "2520"]
[PlyCount "173"]
[EventDate "1999.??.??"]

1. d4 Nf6 2. c4 c6 3. e3 g6 4. Nc3 Bg7 5. e4 O-O 6. Bg5 c5 7. dxc5 Qa5 8. Bd3
Qxc5 9. Nf3 d6 10. O-O Nc6 11. Nd5 Bg4 12. Qd2 Bxf3 13. Be3 Qa5 14. Nxe7+ Kh8
15. Qxa5 Nxa5 16. gxf3 Nd7 17. Rab1 Ne5 18. Be2 Nexc4 19. b3 Nxe3 20. fxe3 Rfe8
21. Nd5 Rab8 22. a4 Kg8 23. Rfc1 Nc6 24. Rc2 Ne7 25. Bc4 a6 26. Nxe7+ Rxe7 27.
Rbc1 Bf6 28. Bd5 Kg7 29. b4 h5 30. f4 Rbe8 31. Kf2 Rb8 32. Kf3 Rbe8 33. a5 Rd8
34. Rc7 Rdd7 35. Rc8 Kh6 36. Bb3 Bb2 37. R1c2 Ba3 38. Ba4 Bxb4 39. Bxd7 Rxd7
40. Ra2 Re7 41. Rc4 Bc5 42. Ra1 Kg7 43. h4 f6 44. Rb1 Kh6 45. Rg1 Kh7 46. Rg2
f5 47. Ra2 Kg8 48. e5 Kf7 49. Rb2 Ba3 50. Rb3 Bc5 51. Rb1 Ke6 52. Rc3 Rd7 53.
Rg1 Kf7 54. e6+ Kxe6 55. Rxg6+ Kf7 56. Rh6 Bb4 57. Rc8 Re7 58. Rxh5 Ke6 59. Rg8
Rf7 60. e4 Bxa5 61. Rg6+ Kd7 62. Rxf5 Rxf5 63. exf5 Bc3 64. Ke4 Bd2 65. f6 Ke6
66. h5 d5+ 67. Kd3 Bxf4 68. h6 Bxh6 69. Rxh6 a5 70. f7+ Kxf7 71. Rh7+ Ke6 72.
Rxb7 Ke5 73. Ra7 a4 74. Rxa4 Kf5 75. Kd4 Kf4 76. Kxd5+ Ke3 77. Rb4 Kd3 78. Re4
Kc3 79. Rd4 Kb3 80. Rc4 Ka3 81. Kc5 Kb3 82. Kb5 Ka2 83. Ka4 Kb2 84. Kb4 Ka2 85.
Kc3 Ka3 86. Kc2 Ka2 87. Ra4# {PostModernist checkmated} 1-0

[Event "ICS Rated blitz match"]
[Site "204.178.125.65"]
[Date "1999.10.07"]
[Round "?"]
[White "Hossa"]
[Black "PostModernist"]
[Result "0-1"]
[WhiteElo "2495"]
[BlackElo "2696"]
[PlyCount "160"]
[EventDate "1999.??.??"]

1. d4 Nf6 2. c4 e6 3. Nf3 Bb4+ 4. Nbd2 b6 5. e3 Bb7 6. Bd3 O-O 7. O-O c5 8. a3
Bxd2 9. Nxd2 cxd4 10. exd4 d5 11. b3 dxc4 12. Nxc4 Nc6 13. Bb2 Rc8 14. Rc1 Qd7
15. Be2 Rfd8 16. Ne5 Qd6 17. Nxc6 Bxc6 18. Ba6 Rc7 19. Re1 b5 20. d5 Bxd5 21.
Rxc7 Qxc7 22. Bxf6 gxf6 23. Qg4+ Kf8 24. Qb4+ Qd6 25. Bxb5 Qxb4 26. axb4 Rb8
27. Bf1 Rxb4 28. Ra1 Rxb3 29. Rxa7 Rb1 30. Ra4 f5 31. f3 Bc6 32. Ra5 Rb2 33.
Re5 h5 34. Be2 Bd5 35. f4 h4 36. Kf2 f6 37. Re3 e5 38. fxe5 f4 39. Rc3 fxe5 40.
Rc5 Bxg2 41. Rxe5 f3 42. Rf5+ Ke7 43. Rxf3 Bxf3 44. Kxf3 Ke6 45. h3 Ke5 46. Bd1
Rb1 47. Ba4 Rg1 48. Bd7 Rg3+ 49. Ke2 Kd4 50. Bf5 Rc3 51. Bg4 Re3+ 52. Kf2 Ke4
53. Bf5+ Kf4 54. Bg4 Rg3 55. Ke1 Rg2 56. Be6 Rb2 57. Kd1 Ke4 58. Bc8 Kd4 59.
Be6 Rh2 60. Ke1 Ke5 61. Bd7 Rb2 62. Kd1 Ra2 63. Bg4 Ke4 64. Be6 Rg2 65. Bc8 Rg8
66. Be6 Rg6 67. Bc4 Kf4 68. Kd2 Kg3 69. Bf1 Kh2 70. Kd1 Rg1 71. Ke1 Kg3 72. Ke2
Rh1 73. Ke1 Kf3 74. Kd1 Rxf1+ 75. Kd2 Ke4 76. Kc3 Rc1+ 77. Kd2 Rc7 78. Ke2 Rc2+
79. Ke1 Kd3 80. Kf1 80... Ke3 {Hossa resigns} 0-1

[Event "ICS Rated blitz match"]
[Site "204.178.125.65"]
[Date "1999.09.17"]
[Round "?"]
[White "Hossa"]
[Black "PostModernist"]
[Result "0-1"]
[WhiteElo "2458"]
[BlackElo "2459"]
[PlyCount "128"]
[EventDate "1999.??.??"]

1. Nf3 Nf6 2. c4 c5 3. Nc3 e6 4. e3 b6 5. d4 cxd4 6. exd4 Bb7 7. Bd3 Be7 8. O-O
O-O 9. Bg5 d6 10. Re1 Nbd7 11. b3 d5 12. Rc1 dxc4 13. bxc4 Rc8 14. Bf4 Bb4 15.
Ng5 h6 16. Nh3 Nb8 17. Bf1 Nc6 18. Be5 Ne8 19. Qg4 Qd7 20. Red1 Rd8 21. Qg3
Bxc3 22. Rxc3 Nxe5 23. Qxe5 Qa4 24. Rd2 Qc6 25. Ra3 Nd6 26. Qe2 a5 27. Rd1 Nf5
28. Qe5 f6 29. Qf4 Nxd4 30. Rxd4 e5 31. Rxd8 exf4 32. Rxf8+ Kxf8 33. Nxf4 Qe4
34. Nh5 Ba6 35. Rb3 Bxc4 36. Ng3 Qc2 37. Bxc4 Qxc4 38. Nf1 b5 39. Rb2 Kf7 40.
Rd2 g5 41. g3 a4 42. h3 Qe6 43. g4 f5 44. Ne3 f4 45. Ng2 b4 46. f3 b3 47. axb3
Qxb3 48. Rd6 a3 49. Ra6 a2 50. Ra7+ Ke6 51. Ra6+ Kd5 52. Kh2 Qb2 53. Ra5+ Kc6
54. Ra6+ Kc7 55. Ra7+ Kb8 56. Rxa2 Qxa2 57. Kg1 Qe2 58. h4 Qxf3 59. Ne1 Qe2 60.
Nf3 Qxf3 61. Kh2 Qg3+ 62. Kh1 f3 63. hxg5 f2 64. gxh6 64... f1=Q# {
Hossa checkmated} 0-1

[Event "ICS Rated blitz match"]
[Site "204.178.125.65"]
[Date "1999.09.27"]
[Round "?"]
[White "Hossa"]
[Black "PostModernist"]
[Result "0-1"]
[WhiteElo "2462"]
[BlackElo "2663"]
[PlyCount "121"]
[EventDate "1999.??.??"]

1. e4 c5 2. Nf3 e6 3. d4 cxd4 4. Nxd4 Nc6 5. Nc3 a6 6. Nxc6 dxc6 7. Qxd8+ Kxd8
8. Be3 Bb4 9. O-O-O+ Ke8 10. Ne2 Nf6 11. Bb6 Bd7 12. f3 Kf8 13. g4 Be8 14. Kb1
Nd7 15. Be3 Rd8 16. f4 Be7 17. Bg2 Nf6 18. Rxd8 Bxd8 19. h3 Be7 20. Rd1 Nd7 21.
e5 g5 22. Nd4 h5 23. gxh5 Rxh5 24. Nf3 gxf4 25. Bxf4 Bd8 26. Re1 b5 27. Nd4 c5
28. Nc6 Bc7 29. Kc1 c4 30. a4 bxa4 31. Kd2 Nb6 32. Re3 f6 33. Nd4 Kf7 34. Bb7
fxe5 35. Bh2 Nd5 36. Rf3+ Ke7 37. Bxd5 exd5 38. Nf5+ Kd7 39. Ng7 e4 40. Nxh5
exf3 41. Bxc7 Bxh5 42. Bb6 Ke6 43. Kc3 Bg6 44. Bf2 Kd6 45. Bg3+ Kc6 46. Bf2 a5
47. Bd4 Kd6 48. Kd2 Kc7 49. c3 Bf7 50. Ke3 Bh5 51. Kf4 Kc6 52. h4 Kb5 53. Kg5
Bf7 54. h5 a3 55. bxa3 Bxh5 56. Kxh5 Ka4 57. Kg4 Kxa3 58. Kxf3 Kb2 59. Kf4 a4
60. Ke5 a3 61. Kd6 {Hossa resigns} 0-1

[Event "ICS Rated blitz match"]
[Site "204.178.125.65"]
[Date "1999.08.27"]
[Round "?"]
[White "Hossa"]
[Black "PostModernist"]
[Result "1/2-1/2"]
[WhiteElo "2273"]
[BlackElo "2560"]
[Annotator "Fritz 5.32 (22s)"]
[PlyCount "215"]
[EventDate "1999.??.??"]

1. d4 Nf6 2. c4 c5 3. d5 d6 4. Nc3 g6 5. e4 Bg7 6. Bd3 O-O 7. Nge2 e5 8. O-O a6
(8... Nh5 9. Qc2 a6 10. Rb1 Nd7 11. a3 Qh4 12. b4 Nf4 13. f3 Nxd3 14. Qxd3 f5
15. Be3 b6 16. a4 f4 17. Bf2 Qg5 18. a5 cxb4 19. Rxb4 Nc5 20. Bxc5 bxc5 21. Rb2
Bh3 22. Rf2 Bd7 23. Rb7 {Plaskett,J-Velimirovic,D/Banja Luka 1985/MCD/0-1 (40)}
) 9. Bg5 $146 (9. a4 Re8 (9... Nh5 10. Ng3 Nf4 11. Bc2 h5 12. Bxf4 exf4 13.
Nxh5 gxh5 14. Qxh5 Be5 15. g3 Kg7 16. Ne2 Rh8 17. Qf3 Qg5 18. Nxf4 Bg4 19. Qe3
Qh6 20. h4 Nd7 21. f3 21... Bd4 {0-1 Thill,F-Zinser,S/Tel Aviv 1964/EXT 99 (21)
}) 10. h3 h5 11. Bg5 Qc7 12. Qd2 Nh7 13. Be3 Nd7 14. Kh1 Ndf8 15. f4 exf4 16.
Bxf4 Qe7 17. Rf2 g5 18. Be3 f5 19. g3 b6 20. Ng1 h4 21. Raf1 hxg3 22. Rxf5 Bxf5
23. Rxf5 23... g4 {Nutu Gajic,D-Negulescu Dan,S/ROM-chT 1994/EXT 97/1-0 (55)})
(9. a3 Nh5 10. Be3 Nd7 11. Qd2 f5 12. exf5 gxf5 13. f4 e4 14. Bc2 Ndf6 15. h3
Bd7 16. b4 b6 17. Rab1 Ne8 18. Bf2 Kh8 19. Kh1 Ra7 20. a4 a5 21. bxc5 dxc5 22.
Bb3 Nd6 23. Nd1 Qe8 24. Qc2 Qg6 25. Ne3 Rg8 26. Rbd1 Qh6 27. Be1 Nf6 28. Kg1
Be8 29. Bc3 Bh5 30. Be5 Nfe8 31. Qd2 Bf6 32. Rf2 Rag7 33. Kh2 Bxe2 34. Qxe2
Bxe5 35. fxe5 f4 36. Nf1 f3 37. gxf3 37... Qf4+ {
0-1 Georges,S-Habibi,A/SUI 1996/CBM 55 ext/[Fritz4.00] (37)}) (9. f3 Nbd7 10.
Be3 Ne8 11. Qd2 Rb8 12. a3 b6 13. b4 Qc7 14. Rac1 Kh8 15. Na4 Nef6 16. Rb1 Ng8
17. bxc5 bxc5 18. Rxb8 Nxb8 19. Rb1 Nd7 20. Qb2 Bf6 21. Bd2 Bd8 22. Nc1 f5 23.
exf5 23... gxf5 {Marin,M-Rodriguez Talavera,J/Sevilla 1994/TD/1-0 (44)}) 9...
b6 10. f4 $11 (10. f3 10... Nbd7 $14) 10... exf4 11. Qc1 Nbd7 12. Qxf4 Ne5 13.
Rad1 Neg4 ({Und nicht} 13... Nxd3 14. Rxd3 Nh5 15. Qxf7+ Rxf7 16. Bxd8 Rxf1+
17. Kxf1 $14) 14. Bh4 $15 (14. h3 h6 15. Bxf6 15... Nxf6 $15) 14... Nxd5 15.
Nxd5 {Der Springer ist gut plaziert} (15. cxd5 $2 {ist verfuehrerisch, aber}
15... Qxh4 16. h3 16... Be5 $19) 15... Qxh4 16. h3 (16. Qxd6 $4 {vergiftet...}
16... Be5 (16... Bxb2 $6 {verbietet sich, da} 17. h3 $14 (17. Nxb6 Be5 18. Qxe5
Nxe5 19. Nxa8 19... Bg4 $19)) 17. Qxf8+ 17... Kxf8 $19) (16. Nxb6 {
Weiss muss den Bauern stehen lassen} 16... Be5 17. h3 Bxf4 18. Rxf4 18... g5
$19) 16... Be5 {Eine wichtige Figur} 17. Qd2 Be6 18. Qe1 (18. hxg4 $4 {
ein boeser Fehlgriff} 18... Bh2+ 19. Kh1 Bg3+ 20. Kg1 Qh2#) 18... Qxe1 19.
Rdxe1 19... Bxd5 $15 (19... Nh6 20. Nef4 $17) 20. exd5 {Weiss erobert Raum}
20... Nf6 21. b3 Rae8 22. Kh1 (22. Rf3 22... Nd7 $17) 22... Re7 23. a4 $19 (23.
g4 23... Rfe8 $17) 23... Rfe8 24. g4 24... Bb2 $17 (24... Bg3 $1 25. Rd1 25...
Bh4 $19 (25... Rxe2 $6 26. Bxe2 Nxd5 27. Rf3 Rxe2 28. Rxg3 $14)) 25. Rb1 Rxe2
26. Bxe2 Rxe2 27. Rxb2 Rxb2 28. Rxf6 Rxb3 29. Kg2 $19 (29. Rxd6 29... Kf8 $17)
29... Rb4 30. Rxd6 30... Rxc4 $17 (30... Kf8 31. a5 bxa5 32. Rxa6 $19) 31. Rxb6
Rxa4 32. d6 Kg7 33. Rc6 c4 (33... Kf6 34. Rxc5 Ke6 35. Rd5 $19) 34. Kf3 $19 (
34. g5 $5 $17 $142) 34... Kf6 35. Ke4 Ke6 36. Kd4 f5 37. gxf5+ gxf5 38. Rc7 c3+
39. Kxc3 Rh4 40. d7 {Droht Matt: d8Q} 40... Rxh3+ 41. Kd4 Rh4+ 42. Kc5 Ke7 43.
Kd5 Ra4 44. d8=Q+ Kxd8 45. Rxh7 f4 46. Kd6 {Mit der Mattdrohung Rh8} 46... Ke8
47. Ke6 Re4+ 48. Kf5 Rb4 49. Ra7 Ra4 50. Kg4 Kf8 51. Kh4 (51. Rd7 51... a5 $19)
51... f3+ 52. Kg3 Ra3 53. Kf2 a5 54. Kg3 a4 55. Kf2 Ke8 56. Kg3 Kd8 57. Kf2 Kc8
58. Kg3 Kb8 59. Ra5 Kc7 60. Kf2 Kd6 61. Ra7 Ke5 (61... Kc5 {
gibt noch groesseren Vorteil} 62. Ra8 $19) 62. Ra8 Ke4 63. Re8+ Kf5 64. Rf8+
Kg4 65. Rg8+ Kh5 66. Rh8+ Kg5 67. Rg8+ Kf6 68. Rf8+ Ke6 69. Re8+ Kd5 70. Ra8
Kc4 71. Rc8+ Kb5 72. Rb8+ Kc6 73. Ra8 Kb7 74. Ra5 Kb6 75. Ra8 Kc6 76. Ra5 Kb7
77. Kg3 77... Kb6 {Nun geraet Weiss unter starken Druck.} 78. Ra8 Kb5 79. Rb8+
Kc5 80. Ra8 Kd6 81. Rd8+ (81. Kf2 81... Ra1 $19) 81... Kc6 82. Ra8 Kd7 83. Ra6
Ke7 84. Kf2 Ke8 (84... Ra1 {damit wuerde Schwarz es sich noch erleichtern} 85.
Kxf3 a3 86. Kf2 $19) 85. Ra7 Kd8 86. Kg3 86... Kc8 $4 $11 {
wild schwanken die Waagschalen...} (86... Ra1 $19 $142 {
und Weiss kann direkt aufgeben}) 87. Kf2 $4 $19 {
danach kann Weiss alle Traeume begraben} (87. Ra8+ Kc7 88. Ra7+ Kb6 89. Ra8 $19
) 87... Kb8 88. Ra6 Ra1 89. Kxf3 (89. Ra5 a3 90. Kxf3 90... Kb7 $19) 89... Kb7
(89... a3 {gibt noch groesseren Vorteil} 90. Ra4 $19) 90. Re6 a3 91. Re2 Kc6
92. Rc2+ Kd5 (92... Kb5 $5 {ginge schneller} 93. Rf2 $19) 93. Ke3 Rb1 (93... a2
$142 {liesse Weiss keine Chance} 94. Re2 94... Kc5 $19) 94. Kd2 Kd4 95. Ra2 Rb3
96. Kc1 Kd3 97. Rc2 97... Rc3 $11 (97... Ke3 $17 $142) 98. Rxc3+ 98... Kxc3 {
Es droht Matt} 99. Kb1 Kb4 100. Ka2 Ka4 101. Kb1 Kb5 102. Ka2 102... Kb4 {
Schwarz aktiviert den Koenig} 103. Kb1 Kb3 104. Ka1 Kc4 105. Ka2 Kb4 106. Kb1
Kc3 107. Ka2 Kc4 108. Kxa3 1/2-1/2

[Event "ICS Rated blitz match"]
[Site "204.178.125.65"]
[Date "1999.09.14"]
[Round "?"]
[White "Hossa"]
[Black "PostModernist"]
[Result "0-1"]
[WhiteElo "2297"]
[BlackElo "2534"]
[PlyCount "128"]
[EventDate "1999.??.??"]

1. e4 c5 2. Nf3 Nc6 3. Nc3 d6 4. Bb5 Bd7 5. d3 a6 6. Bxc6 Bxc6 7. O-O e6 8. Rb1
Be7 9. Be3 Nf6 10. b4 cxb4 11. Rxb4 d5 12. Rb6 O-O 13. Ne5 d4 14. Rxc6 dxe3 15.
Rc4 exf2+ 16. Rxf2 Qa5 17. d4 Bb4 18. Rf3 Rfc8 19. Qb1 Bxc3 20. Rfxc3 Rxc4 21.
Rxc4 Qd2 22. Nf3 Qe3+ 23. Kh1 Nxe4 24. Rc7 b5 25. Qe1 Qf4 26. Rc6 Nd6 27. Qd2
Qxd2 28. Nxd2 Nf5 29. Nf3 Ne7 30. Rc5 Rc8 31. Rxc8+ Nxc8 32. Nd2 Nb6 33. a3 f6
34. c3 f5 35. Kg1 Nd5 36. Nb1 g5 37. Kf2 h5 38. h3 Kg7 39. Ke2 Kf6 40. Ke1 Ne3
41. Kf2 Nc4 42. Kf3 e5 43. dxe5+ Kxe5 44. Ke2 Kf4 45. Kf2 h4 46. a4 bxa4 47.
Ke1 a3 48. Nxa3 Nxa3 49. Ke2 Kg3 50. Kf1 Nc4 51. Ke2 Kxg2 52. Kd3 f4 53. Kxc4
Kxh3 54. Kd5 Kg3 55. c4 h3 56. c5 h2 57. Kd4 f3 58. c6 h1=Q 59. Ke5 f2 60. c7
f1=Q 61. c8=Q Qf4+ 62. Ke6 Qh6+ 63. Kd7 Qhd6+ 64. Ke8 64... Qff8# {
Hossa checkmated} 0-1